| 000 | 00813nam a2200253 4500 | ||
|---|---|---|---|
| 003 | OSt | ||
| 005 | 20260601170955.0 | ||
| 008 | 260506b20022006US\|||||\||||\00|\0\eng\d | ||
| 020 | _a0750655542 | ||
| 040 |
_aICI _bSPA _cICI |
||
| 041 | _aENG | ||
| 050 |
_aTS171 _bA743 |
||
| 100 | 1 |
_aAshby, M. F., _eautor _930461 |
|
| 245 | 1 |
_a Materials and design : _bthe art and science of material selection in product design / _cMike Ashby and Kara Johnson |
|
| 264 |
_aOxford : _bButterworth-Heinemann, _c 2002 |
||
| 300 |
_a 336 páginas : _bhojas (algunas a color), retratos |
||
| 336 |
_atexto _2rdacontent |
||
| 337 |
_asin medio _2rdamedia |
||
| 338 |
_avolumen _2rdacarrier |
||
| 650 | 4 |
_aMateriales _930462 |
|
| 650 | 4 |
_aDiseño industrial _915218 |
|
| 700 |
_aJohnson, Kara, _e autor _930463 |
||
| 942 |
_2lcc _cB _n1 |
||
| 999 |
_c19806 _d19806 |
||